| 000 | 01046cab a2200289 4500 | ||
|---|---|---|---|
| 001 | ABS53682 | ||
| 008 | 090401t1995 xxu||||| |||| 00| 0 eng d | ||
| 035 | _a(Sirsi) u5876 | ||
| 041 | _aeng | ||
| 100 | _aByrne, D. | ||
| 245 | _aTotal costs and global claims | ||
| 260 | _c1995 | ||
| 350 | _a0 | ||
| 490 |
_aInternational Construction Law Review _v12(4) October 1995, 531-560(30) |
||
| 520 | _aDetailed consideration of global claims. Looks at claims for damages for breach of contract and adjustments under contract provisions. Considers the total cost/time assessment claim; its origins and methodology, including the points to note when such a claim is formulated. Refers to various case law in the text. | ||
| 650 | _aBREACH OF CONTRACT | ||
| 650 | _aCAUSATION | ||
| 650 | _aCONTRACT LAW | ||
| 650 | _aCONTRACTUAL CLAIMS | ||
| 650 | _aDELAYS | ||
| 650 | _aGLOBAL CLAIMS | ||
| 650 | _aTIME ASSESSMENT | ||
| 650 | _aTOTAL COSTS | ||
| 690 | _aBUILT ENVIRONMENT-BUILDING CONTRACT FORMS | ||
| 942 | _n0 | ||
| 948 | _c04/03/1997 | ||
| 999 |
_c3514 _d3514 |
||